000 00595nam a22002297a 4500
003 UA-OsUOA
001 36395
007 ta
008 20060919b un ||||| |||| 00| 0 ukr d
100 _aТурченко Ф.Г.
090 _a929
_bТ89
942 _cBK
040 _aUA-OsUOA
_bukr
_cUA-OsUOA
_dUA-OsUOA
245 _aМикола Міхновський: життя і слово.
300 _a318 с.
955 _a1
041 _aukr
080 _a929
260 _aК.
_bГенеза
_c2006
650 7 _a9 Географія. Біографії. Історія
_2UDC
999 _c434926
_d434926